[Event "Offene Hessische Senioren Einzelmeisters"]
[Site "Bad Sooden- Allendorf"]
[Date "2013.04.24"]
[Round "5.97"]
[White "Grüneschild, Hildegard"]
[Black "Burkardt, Robert"]
[Result "1/2-1/2"]
[WhiteElo "1274"]
[BlackElo "1507"]
[PlyCount "72"]
[EventDate "2013.??.??"]
[WhiteTeam "Schach-Union München e.V."]
[BlackTeam "SV 1926 Fechenheim"]

1. c4 e5 2. Nc3 Nf6 3. g3 c6 4. Bg2 Bc5 5. e3 d6 6. Nge2 Be6 7. b3 O-O 8. O-O
Nbd7 9. d4 exd4 10. exd4 Bb4 11. Bb2 Nb6 12. Qc2 d5 13. c5 Nbd7 14. a3 Ba5 15.
b4 Bc7 16. Rad1 Bg4 17. h3 Bh5 18. Bc1 Bg6 19. Qb2 h6 20. Nf4 Bh7 21. Nd3 Re8
22. Be3 Qe7 23. Rfe1 Qf8 24. a4 a6 25. Qd2 Ne4 26. Nxe4 Bxe4 27. Nc1 Nf6 28. f3
Bf5 29. Bf2 Rxe1+ 30. Rxe1 Re8 31. Ne2 Bd7 32. g4 Nh7 33. h4 f6 34. Ng3 Rxe1+
35. Qxe1 Qe8 36. Qxe8+ Bxe8 1/2-1/2

[Event "Offene Hessische Senioren Einzelmeisters"]
[Site "Bad Sooden- Allendorf"]
[Date "2013.04.24"]
[Round "5.98"]
[White "Schneider, Hans"]
[Black "Semisch, Helga"]
[Result "1/2-1/2"]
[WhiteElo "1491"]
[BlackElo "1256"]
[PlyCount "36"]
[EventDate "2013.??.??"]
[WhiteTeam "SV Schwarz-Weiß Oberha"]
[BlackTeam "SV Schmalkalden 04"]

1. Nf3 d6 2. g3 Bg4 3. Bg2 Nc6 4. d3 e5 5. Nbd2 Nf6 6. O-O Qd7 7. c3 O-O-O 8.
a4 Bh3 9. a5 Bxg2 10. Kxg2 a6 11. b4 Na7 12. Qb3 h6 13. c4 c6 14. Bb2 g5 15.
Ne4 Nxe4 16. dxe4 g4 17. Nh4 Bg7 18. Nf5 Bf6 1/2-1/2

[Event "Offene Hessische Senioren Einzelmeisters"]
[Site "Bad Sooden- Allendorf"]
[Date "2013.04.24"]
[Round "5.99"]
[White "Bartl, Birgit"]
[Black "Krüger, Bernhard"]
[Result "1/2-1/2"]
[WhiteElo "1153"]
[BlackElo "1537"]
[PlyCount "105"]
[EventDate "2013.??.??"]
[WhiteTeam "USV Erfurt Abteilung Schach"]
[BlackTeam "SC Grunbach"]

1. d4 Nf6 2. Nf3 g6 3. e3 Bg7 4. c3 O-O 5. Bd3 d6 6. O-O b6 7. Nbd2 Bb7 8. e4
Nbd7 9. Re1 e5 10. Nb3 a5 11. a4 Rc8 12. c4 c6 13. Bg5 h6 14. Bh4 Qe8 15. h3
Nh7 16. Bg3 c5 17. d5 Ndf6 18. Nh4 Rc7 19. Nd2 Bc8 20. Be2 Bd7 21. Ra3 Ng5 22.
Bh2 Qc8 23. g4 Qd8 24. Bd3 Nxh3+ 25. Kf1 Nxg4 26. Bg3 Qf6 27. Nhf3 Nf4 28. Kg1
Nh5 29. Nh2 Nxh2 30. Kxh2 Nf4 31. Bf1 h5 32. Rf3 Bg4 33. Ree3 h4 34. Bxf4 exf4
35. Rb3 Rb8 36. Be2 Bxf3 37. Bxf3 g5 38. Bg4 Qd4 39. Qe1 Re7 40. f3 Qf6 41. Kh3
Rc7 42. Qb1 Qe7 43. Bf5 Be5 44. Nf1 Bd4 45. Nh2 Kg7 46. Qf1 Qd8 47. Qg2 f6 48.
Qg4 Qe8 49. Be6 Re7 50. Qf5 Rxe6 51. dxe6 Qe7 52. Ng4 Qc7 53. Rd3 1/2-1/2

[Event "Offene Hessische Senioren Einzelmeisters"]
[Site "Bad Sooden- Allendorf"]
[Date "2013.04.24"]
[Round "5.100"]
[White "Maczollek, Helmut"]
[Black "Geibel, Henning"]
[Result "1-0"]
[WhiteElo "1353"]
[BlackElo "1237"]
[PlyCount "91"]
[EventDate "2013.??.??"]
[WhiteTeam "SK Turm Lage 1926"]
[BlackTeam "SV Bargteheide"]

1. d4 d5 2. Nf3 Bf5 3. e3 e6 4. c4 Nf6 5. Nc3 Be7 6. Qb3 b6 7. Be2 O-O 8. Ne5
c5 9. O-O cxd4 10. exd4 dxc4 11. Qxc4 Nbd7 12. Bf3 Rc8 13. Qe2 Nb8 14. Be3 Nd5
15. Nxd5 exd5 16. Rac1 Rxc1 17. Rxc1 Be4 18. Bg4 Qd6 19. f3 Bg6 20. Qd2 Na6 21.
a3 Nc7 22. Rc6 Qd8 23. Qc1 Bd6 24. Bf4 Ne6 25. Nxg6 Bxf4 26. Nxf4 Nxd4 27. Rc8
Qe7 28. Rxf8+ Qxf8 29. Qc8 g5 30. Qxf8+ Kxf8 31. Nxd5 f5 32. Bh5 Ne2+ 33. Kf2
Nf4 34. Nxf4 gxf4 35. g3 fxg3+ 36. Kxg3 Kg7 37. Kf4 Kf6 38. Be8 h6 39. Bd7 h5
40. Bxf5 h4 41. Kg4 a5 42. a4 Ke5 43. Bg6 Kd4 44. b3 Kc3 45. f4 h3 46. f5 1-0

[Event "Offene Hessische Senioren Einzelmeisters"]
[Site "Bad Sooden- Allendorf"]
[Date "2013.04.24"]
[Round "5.101"]
[White "Girod, Gudrun"]
[Black "Freerksen, Uwe"]
[Result "1/2-1/2"]
[WhiteElo "1349"]
[BlackElo "1259"]
[PlyCount "41"]
[EventDate "2013.??.??"]
[WhiteTeam "Hannover 96 Schach"]
[BlackTeam "SK Königsspringer Emden"]

1. d4 d5 2. Bf4 Nf6 3. Nf3 e6 4. h3 c5 5. c3 Nc6 6. e3 cxd4 7. exd4 g6 8. Bb5
Bg7 9. Bxc6+ bxc6 10. O-O Ba6 11. Re1 Rb8 12. b3 O-O 13. Bg5 h6 14. Bxf6 Bxf6
15. Nbd2 Kh7 16. Ne5 Qc7 17. Ndf3 Rbe8 18. Rc1 Bg7 19. c4 f6 20. Nd3 g5 21. Nc5
1/2-1/2

[Event "Offene Hessische Senioren Einzelmeisters"]
[Site "Bad Sooden- Allendorf"]
[Date "2013.04.24"]
[Round "5.102"]
[White "Kage, August"]
[Black "Wernitz, Armin"]
[Result "1-0"]
[WhiteElo "1346"]
[BlackElo "1235"]
[PlyCount "95"]
[EventDate "2013.??.??"]
[WhiteTeam "ESV Rot-Weiß Göttingen"]
[BlackTeam "PostSV Brandenburg e.V."]

1. d4 Nf6 2. c4 g6 3. Nc3 Bg7 4. Nf3 d6 5. e4 Nbd7 6. Be2 c6 7. O-O O-O 8. Rb1
h6 9. Be3 Qc7 10. Qc1 Ng4 11. Bf4 e5 12. dxe5 dxe5 13. Bd2 Kh7 14. h3 Ngf6 15.
Be3 b6 16. b4 Bb7 17. c5 b5 18. Nh2 a6 19. Ng4 Nxg4 20. Bxg4 Nf6 21. Bf3 Bc8
22. Kh2 Be6 23. Rb2 Rad8 24. Be2 Nd7 25. g4 f6 26. Rd2 a5 27. a3 axb4 28. axb4
Ra8 29. Rd6 Rfe8 30. f4 Bg8 31. f5 g5 32. Bd2 Bf8 33. Rd3 Bc4 34. Re3 Bxe2 35.
Nxe2 Nb8 36. Qe1 Rd8 37. h4 Ra2 38. Bc1 Na6 39. hxg5 fxg5 40. Rh3 Qg7 41. Kg1
Qf6 42. Ng3 Be7 43. Nh5 Qf8 44. Rhf3 Bf6 45. Qc3 Rd4 46. Qb3 Nxb4 47. Qe6 Bh8
48. Qg6# 1-0

[Event "Offene Hessische Senioren Einzelmeisters"]
[Site "Bad Sooden- Allendorf"]
[Date "2013.04.24"]
[Round "5.103"]
[White "Helm, Irmgard"]
[Black "Graffenberger, Marianne"]
[Result "0-1"]
[WhiteElo "1340"]
[BlackElo "1229"]
[PlyCount "132"]
[EventDate "2013.??.??"]
[WhiteTeam "TSG Oberschöneweide e.V."]
[BlackTeam "Hamburger SK von 1830 eV"]

1. e4 e5 2. Nf3 Nc6 3. Bc4 Be7 4. Nc3 d6 5. h3 Nf6 6. Ng5 O-O 7. Nd5 Nxd5 8.
Nxf7 Qe8 9. Bxd5 Rxf7 10. Qh5 Bf6 11. g4 Be6 12. g5 g6 13. Qh4 Bg7 14. Qg3 Bxd5
15. exd5 Ne7 16. Qg2 Nf5 17. h4 Nd4 18. Qe4 Rf4 19. Qd3 Nf3+ 20. Ke2 e4 21. Qc4
Qe7 22. Kd1 Nxh4 23. d4 Rg4 24. Be3 Qf7 25. Qe2 Qf3 26. Kd2 Qxe2+ 27. Kxe2 Rf8
28. Raf1 Nf5 29. c3 Nxe3 30. fxe3 Rxg5 31. c4 Rg2+ 32. Kd1 Rxb2 33. Kc1 Rxa2
34. Rxf8+ Bxf8 35. Rh4 Be7 36. Rxe4 Bf6 37. Re8+ Kg7 38. Rc8 Ra3 39. Rxc7+ Kh6
40. Rf7 Bg5 41. Kb2 Rxe3 42. Rxb7 Re7 43. Rb3 Bf6 44. Rh3+ Kg7 45. Kc3 h5 46.
Kd3 Kh6 47. Rf3 Bg5 48. c5 dxc5 49. dxc5 a5 50. Kc4 Re3 51. Rf8 Re4+ 52. Kb5 a4
53. c6 Be7 54. Ra8 Rb4+ 55. Ka6 Bc5 56. c7 Rb6+ 57. Ka5 Rd6 58. c8=Q Rxd5 59.
Qh8+ Kg5 60. Rc8 Bd4+ 61. Kxa4 Bxh8 62. Rxh8 Kh4 63. Re8 Rf5 64. Kb3 g5 65. Re1
g4 66. Kc2 g3 0-1

[Event "Offene Hessische Senioren Einzelmeisters"]
[Site "Bad Sooden- Allendorf"]
[Date "2013.04.24"]
[Round "5.104"]
[White "Fister, Horst-Lothar"]
[Black "Stuiber, Ingeborg"]
[Result "1-0"]
[WhiteElo "1301"]
[BlackElo "977"]
[PlyCount "64"]
[EventDate "2013.??.??"]
[WhiteTeam "SK Werther 1949 e.V."]
[BlackTeam "SK Turm Euskirchen 65"]

1. d4 d5 2. Nf3 e6 3. e3 Bd6 4. Bd3 f5 5. c4 c6 6. Nbd2 Nf6 7. c5 Bc7 8. Ne5
O-O 9. Ndf3 Ne4 10. O-O Qe7 11. Bd2 Nd7 12. b4 a5 13. b5 Nxe5 14. Nxe5 Bxe5 15.
dxe5 Qxc5 16. Rc1 Qb6 17. a4 d4 18. Bxe4 fxe4 19. Qg4 cxb5 20. axb5 Bd7 21.
Qxe4 Bxb5 22. Rb1 Bxf1 23. Rxb6 Ba6 24. exd4 Rfe8 25. Bxa5 Rac8 26. h3 Rc1+ 27.
Kh2 Re7 28. Bb4 Re8 29. Qf4 Rcc8 30. Bd6 h6 31. h4 Rc6 32. Rxc6 bxc6 1-0

[Event "Offene Hessische Senioren Einzelmeisters"]
[Site "Bad Sooden- Allendorf"]
[Date "2013.04.24"]
[Round "5.105"]
[White "Jobski, Werner"]
[Black "Nols, Uwe"]
[Result "1/2-1/2"]
[WhiteElo "1416"]
[BlackElo "1171"]
[PlyCount "54"]
[EventDate "2013.??.??"]
[WhiteTeam "SF Schwerte 1951"]
[BlackTeam "Itzehoer SV von 1923"]

1. e4 e5 2. Nf3 Nc6 3. Bb5 Nf6 4. Nc3 Nd4 5. O-O c6 6. Bd3 d6 7. Nxd4 exd4 8.
Ne2 c5 9. Bb5+ Bd7 10. Bxd7+ Qxd7 11. d3 h6 12. Ng3 h5 13. Bg5 Be7 14. Nf5 Rh7
15. Qe2 O-O-O 16. a4 Re8 17. Qd2 Bd8 18. Bf4 Bc7 19. b4 g6 20. Ng3 h4 21. Ne2
Nh5 22. bxc5 dxc5 23. Bxc7 Qxc7 24. f4 f6 25. a5 a6 26. Rab1 Kb8 27. Rb6 g5
1/2-1/2

[Event "Offene Hessische Senioren Einzelmeisters"]
[Site "Bad Sooden- Allendorf"]
[Date "2013.04.25"]
[Round "6.1"]
[White "Haubt, Georg"]
[Black "Vogel, Jaap"]
[Result "1/2-1/2"]
[WhiteElo "2115"]
[BlackElo "2193"]
[PlyCount "28"]
[EventDate "2013.??.??"]
[WhiteTeam "SV Oberursel"]

1. e4 e6 2. d4 d5 3. Nc3 Bb4 4. Bd3 dxe4 5. Bxe4 Nf6 6. Bf3 c5 7. a3 Bxc3+ 8.
bxc3 Nc6 9. Ne2 e5 10. Bg5 cxd4 11. cxd4 exd4 12. Bxc6+ bxc6 13. Qxd4 Qa5+ 14.
Bd2 Qd5 1/2-1/2

[Event "Offene Hessische Senioren Einzelmeisters"]
[Site "Bad Sooden- Allendorf"]
[Date "2013.04.25"]
[Round "6.3"]
[White "Liebert, Heinz"]
[Black "Piankov, Evgenij"]
[Result "1/2-1/2"]
[WhiteElo "2098"]
[BlackElo "2259"]
[PlyCount "48"]
[EventDate "2013.??.??"]
[WhiteTeam "USV Volksbank Halle"]

1. c4 Nf6 2. Nf3 g6 3. Nc3 d5 4. cxd5 Nxd5 5. Qa4+ c6 6. Qd4 f6 7. e4 Nxc3 8.
Qxd8+ Kxd8 9. dxc3 Be6 10. Be3 Nd7 11. Nd2 Bf7 12. Bc4 Ke8 13. Ke2 Ne5 14.
Bxf7+ Nxf7 15. Rhd1 Nd6 16. c4 e5 17. f3 h5 18. c5 Nf7 19. Nc4 Rd8 20. Na5 Rxd1
21. Rxd1 Nd8 22. Nc4 Rh7 23. a3 Rd7 24. Rxd7 Kxd7 1/2-1/2

[Event "Offene Hessische Senioren Einzelmeisters"]
[Site "Bad Sooden- Allendorf"]
[Date "2013.04.25"]
[Round "6.4"]
[White "van den Berg, Ad"]
[Black "Hassenrück, Helmut"]
[Result "1/2-1/2"]
[WhiteElo "2188"]
[BlackElo "2084"]
[Annotator ",Meiwald"]
[PlyCount "65"]
[EventDate "2013.??.??"]
[WhiteTeam "Aas Aalsmeer"]
[BlackTeam "SG-Gladbeck 19/2"]

1. e4 e5 2. Nf3 Nc6 3. Bc4 Bc5 4. c3 Nf6 5. b4 Bb6 6. d3 d6 7. O-O O-O 8. h3
Ne7 9. Nbd2 Ng6 10. Bb3 c6 11. Re1 h6 12. Nc4 Bc7 13. d4 exd4 14. cxd4 d5 15.
exd5 Nxd5 16. a3 Be6 17. Nce5 Ngf4 18. Qc2 Qf6 19. Be3 Rad8 20. Rad1 a5 21. b5
Nxe3 $11 22. fxe3 Bxb3 23. Qxb3 Ng6 24. bxc6 bxc6 25. Rf1 Rb8 26. Qc4 Bxe5 27.
dxe5 Nxe5 28. Nxe5 Qxe5 29. Rf3 Rb2 30. Qxc6 Qg5 31. Rf4 Rfb8 32. Qf3 R8b3 33.
Qa8+ 1/2-1/2

[Event "Offene Hessische Senioren Einzelmeisters"]
[Site "Bad Sooden- Allendorf"]
[Date "2013.04.25"]
[Round "6.5"]
[White "Ljubarskij, Juri"]
[Black "Niebling, Ferdinand"]
[Result "1-0"]
[WhiteElo "2174"]
[BlackElo "2049"]
[PlyCount "97"]
[EventDate "2013.??.??"]
[WhiteTeam "Hannover 96 Schach"]
[BlackTeam "SC Frankfurt-West"]

1. c4 e5 2. Nc3 Nf6 3. g3 Bb4 4. Bg2 O-O 5. Nf3 Re8 6. O-O Nc6 7. a3 Bxc3 8.
dxc3 d6 9. Qc2 Be6 10. b3 h6 11. Nh4 Qd7 12. e4 Bh3 13. f3 Bxg2 14. Kxg2 Qe6
15. Nf5 Ne7 16. Ne3 c6 17. Rd1 d5 18. cxd5 cxd5 19. exd5 Nexd5 20. Nxd5 Nxd5
21. c4 Nf6 22. Be3 e4 23. f4 Ng4 24. Qe2 Nxe3+ 25. Qxe3 Red8 26. Rd4 Rxd4 27.
Qxd4 a6 28. Re1 Re8 29. Re3 Re7 30. f5 Qe5 31. Qxe5 Rxe5 32. g4 g5 33. Kf2 Kf8
34. Rc3 h5 35. h3 hxg4 36. hxg4 Ke7 37. Ke3 Kd6 38. Kd4 b6 39. Re3 Re8 40. Rxe4
Rh8 41. b4 Rh1 42. c5+ bxc5+ 43. bxc5+ Kc6 44. Ke5 Kxc5 45. Kf6 Kd5 46. Ra4
Rh6+ 47. Kxf7 Rb6 48. f6 Ke5 49. Kg7 1-0

[Event "Offene Hessische Senioren Einzelmeisters"]
[Site "Bad Sooden- Allendorf"]
[Date "2013.04.25"]
[Round "6.6"]
[White "Happel, Henk"]
[Black "Villing, Dieter"]
[Result "1/2-1/2"]
[WhiteElo "2146"]
[BlackElo "1987"]
[Annotator ",Meiwald"]
[PlyCount "77"]
[EventDate "2013.??.??"]
[WhiteTeam "Discendo Discimus"]
[BlackTeam "SK 1962 Ladenburg"]

1. d4 Nf6 2. c4 e5 3. dxe5 Ng4 4. Bf4 Bb4+ 5. Nc3 Nc6 6. Nf3 Qe7 7. Qd5 f6 8.
exf6 Bxc3+ 9. bxc3 Nxf6 10. Qd3 d6 11. e3 O-O 12. Be2 Ne4 13. O-O Nc5 $11 14.
Qd1 Be6 15. Nd4 Ne5 16. Bxe5 dxe5 17. Nxe6 Qxe6 18. Qd5 b6 19. Qxe6+ Nxe6 20.
Bf3 Rad8 21. Bd5 Kf7 22. Rfd1 Ke7 23. Bxe6 Kxe6 24. Kf1 Rd6 25. Rxd6+ cxd6 26.
Ke2 Rc8 27. Kd3 Rc5 28. e4 Ra5 29. Kc2 Rc5 30. Kb3 Rc7 31. Rd1 Rf7 32. Rd2 g5
33. a4 g4 34. Kb4 Rf6 35. Kb5 Kd7 36. a5 Kc7 37. axb6+ axb6 38. Ra2 Kb7 39. Rd2
1/2-1/2

[Event "Offene Hessische Senioren Einzelmeisters"]
[Site "Bad Sooden- Allendorf"]
[Date "2013.04.25"]
[Round "6.7"]
[White "Pape, Manfred"]
[Black "Van Oosten, Arend"]
[Result "1/2-1/2"]
[WhiteElo "2040"]
[BlackElo "2136"]
[Annotator ",Meiwald"]
[PlyCount "56"]
[EventDate "2013.??.??"]
[WhiteTeam "SK Bad Harzburg"]
[BlackTeam "Utrecht"]

1. Nf3 Nc6 2. d4 d5 3. Bf4 Bg4 4. Nbd2 e6 5. e3 Nf6 6. Be2 Be7 7. O-O Nh5 8. c3
Nxf4 9. exf4 O-O 10. Re1 Qd6 11. Ne5 Bxe2 12. Qxe2 Nxe5 13. fxe5 Qb6 14. b4 a5
15. a3 axb4 16. axb4 Ra7 17. Nb3 Rfa8 18. Rxa7 Rxa7 19. g3 h6 20. Ra1 $11 Rxa1+
21. Nxa1 Qa7 22. Nb3 Qa3 23. Qc2 b6 24. Kg2 c5 25. bxc5 bxc5 26. dxc5 Bxc5 27.
Nxc5 Qxc5 28. Qd3 Qb6 1/2-1/2

[Event "Offene Hessische Senioren Einzelmeisters"]
[Site "Bad Sooden- Allendorf"]
[Date "2013.04.25"]
[Round "6.8"]
[White "Hottes, Dieter"]
[Black "Szenetra, Werner"]
[Result "1-0"]
[WhiteElo "2118"]
[BlackElo "2022"]
[Annotator ",Meiwald"]
[PlyCount "60"]
[EventDate "2013.??.??"]
[WhiteTeam "Stuttgarter SF 1879"]
[BlackTeam "SV Berenbostel"]

1. c4 g6 2. Nc3 Bg7 3. g3 Nc6 4. Bg2 d6 5. e3 e5 6. Nge2 Bg4 7. d3 Qd7 8. h3
Be6 9. b3 Nge7 10. e4 O-O 11. Nd5 Nd8 12. Be3 c6 13. Nxe7+ Qxe7 14. d4 f5 15.
O-O fxe4 16. d5 cxd5 17. cxd5 Bd7 18. Nc3 Nf7 19. Qd2 b5 20. Rac1 Bf5 $11 21.
Nxe4 h6 22. Rc6 Bxe4 23. Bxe4 Ng5 24. Bxg5 hxg5 25. Qe2 a6 26. Rfc1 Qf6 27.
R1c2 Rf7 28. Qg4 Bf8 29. R6c3 Kg7 30. h4 gxh4 1-0

[Event "Offene Hessische Senioren Einzelmeisters"]
[Site "Bad Sooden- Allendorf"]
[Date "2013.04.25"]
[Round "6.9"]
[White "Stimpel, Franz"]
[Black "Weidlich, Günter"]
[Result "1/2-1/2"]
[WhiteElo "2015"]
[BlackElo "2116"]
[PlyCount "50"]
[EventDate "2013.??.??"]
[WhiteTeam "Wiesbadener SV 1885"]
[BlackTeam "SV Dresden-Leuben"]

1. d4 Nf6 2. c4 c5 3. d5 b5 4. cxb5 a6 5. f3 axb5 6. e4 Qa5+ 7. Bd2 b4 8. Na3
d6 9. Nc4 Qc7 10. a3 bxa3 11. Bc3 Nbd7 12. Rxa3 Rxa3 13. bxa3 g6 14. Bd3 Bg7
15. Ne2 O-O 16. O-O Qa7 17. Qc2 Ba6 18. Ra1 Ra8 19. Kf1 Ne8 20. Bxg7 Nxg7 21.
a4 Ne8 22. Nc3 Nc7 23. Qe2 Nb6 24. Nxb6 Bxd3 25. Qxd3 Qxb6 1/2-1/2

[Event "Offene Hessische Senioren Einzelmeisters"]
[Site "Bad Sooden- Allendorf"]
[Date "2013.04.25"]
[Round "6.10"]
[White "Schumacher, Gottfried"]
[Black "Kopp, Peter"]
[Result "1-0"]
[WhiteElo "2100"]
[BlackElo "1964"]
[Annotator ",Meiwald"]
[PlyCount "116"]
[EventDate "2013.??.??"]
[WhiteTeam "HTC Bad Neuenahr"]
[BlackTeam "SV 1920 Hofheim"]

1. d4 Nf6 2. c4 d6 3. Nc3 e5 4. dxe5 dxe5 5. Qxd8+ Kxd8 6. Nf3 Nfd7 7. Ng5 Ke8
8. g3 c6 9. f4 h6 10. Nf3 f6 11. e3 a5 12. Bd3 Na6 13. Bg6+ Kd8 14. O-O exf4
15. exf4 Kc7 16. Kg2 Ndc5 17. Nd4 Bd7 18. Re1 Rd8 19. Be3 Bd6 20. Rad1 h5 21.
h3 Be8 22. Bb1 Bf7 23. b3 Rhe8 24. Kf3 Bf8 25. Re2 Rd7 26. Red2 g6 27. f5 g5
28. g4 Rde7 29. Bg1 Kc8 30. Bf2 Re5 31. Nc2 Ne4 32. Nxe4 Rxe4 33. Bb6 Rf4+ 34.
Kg3 h4+ 35. Kg2 Nc7 36. Ne3 Be7 37. Nf1 Bb4 38. Rd3 Re2+ 39. Kg1 Be8 40. Nh2
Be7 41. Nf3 c5 42. Re1 Rfe4 43. Kf1 Rxe1+ $11 44. Nxe1 Bc6 45. Bxa5 Ne8 46. Bc3
Rf4+ 47. Ke2 Re4+ 48. Kd1 b5 49. Bd2 bxc4 50. Rc3 Re5 51. Rxc4 Nd6 52. Rc3 Nb5
53. Re3 Bd6 54. Rxe5 Bxe5 55. Nd3 Bd4 56. Ne1 Kc7 57. Bd3 Nc3+ 58. Kc2 Nd5 {
restliche Züge nicht zu lesen} 1-0

[Event "Offene Hessische Senioren Einzelmeisters"]
[Site "Bad Sooden- Allendorf"]
[Date "2013.04.25"]
[Round "6.11"]
[White "Thieme, Hans"]
[Black "Ghijsen, Pim"]
[Result "1/2-1/2"]
[WhiteElo "1943"]
[BlackElo "2161"]
[PlyCount "39"]
[EventDate "2013.??.??"]
[WhiteTeam "SV Oberursel"]
[BlackTeam "VAS Amsterdam"]

1. e4 c5 2. Nf3 a6 3. c3 d5 4. exd5 Qxd5 5. Na3 Nf6 6. Nc4 Nbd7 7. a4 e6 8. a5
Be7 9. d3 O-O 10. Bf4 Nh5 11. Bc7 Qc6 12. Bb6 Nhf6 13. Be2 Nd5 14. Nfe5 Nxe5
15. Nxe5 Qb5 16. Nc4 Bd8 17. Bxd8 Rxd8 18. O-O Rb8 19. Re1 Qd7 20. Qc2 1/2-1/2

[Event "Offene Hessische Senioren Einzelmeisters"]
[Site "Bad Sooden- Allendorf"]
[Date "2013.04.25"]
[Round "6.12"]
[White "Lindner, Jan-Joost"]
[Black "Arp, Frans"]
[Result "1/2-1/2"]
[WhiteElo "2159"]
[BlackElo "1970"]
[PlyCount "42"]
[EventDate "2013.??.??"]
[WhiteTeam "DD Den Haag"]
[BlackTeam "Haarlem"]

1. b4 e5 2. a3 Nf6 3. Bb2 d6 4. e3 Be7 5. c4 Bf5 6. Nf3 Nbd7 7. Be2 O-O 8. Nc3
c6 9. d4 e4 10. Nd2 d5 11. h3 h6 12. Qb3 Be6 13. a4 dxc4 14. Bxc4 Bxc4 15. Nxc4
Nd5 16. b5 Bb4 17. O-O Bxc3 18. Bxc3 Qg5 19. Bd2 Rab8 20. f3 f5 21. Qc2 Qg6
1/2-1/2

[Event "Offene Hessische Senioren Einzelmeisters"]
[Site "Bad Sooden- Allendorf"]
[Date "2013.04.25"]
[Round "6.13"]
[White "Knaak, Joachim"]
[Black "Just, Joachim"]
[Result "1-0"]
[WhiteElo "2085"]
[BlackElo "1912"]
[Annotator ",Meiwald"]
[PlyCount "105"]
[EventDate "2013.??.??"]
[WhiteTeam "SV Dresden-Leuben"]
[BlackTeam "SV Motor Zeitz"]

1. d4 f5 2. g3 e6 3. Bg2 Nf6 4. Nf3 c6 5. O-O d5 6. Nbd2 Bd6 7. Ne5 O-O 8. Ndf3
Qe7 9. c4 Nbd7 10. Bg5 Qe8 11. b3 Ne4 12. Be3 Ndf6 $11 13. Qc2 Qh5 14. Qc1 Ng4
15. Nxg4 fxg4 16. Ne1 Bd7 17. Nd3 Rf5 18. Bf4 Bxf4 19. Nxf4 Qh6 20. f3 Nf6 21.
Nd3 Qh5 22. e4 gxf3 23. exf5 fxg2 24. Kxg2 Qe2+ 25. Nf2 Ng4 26. Kg1 exf5 27.
Nxg4 Qxg4 28. Qf4 Qxf4 29. gxf4 Re8 30. Rae1 Re4 31. Rxe4 fxe4 32. Rc1 Be6 33.
Kf2 Kf7 34. f5 Bxf5 35. cxd5 Bd7 36. Ke3 Ke7 37. Kxe4 Kd6 38. dxc6 Bxc6+ 39.
Ke3 Ke6 40. Rg1 Kf6 41. Rd1 Ke6 42. a4 a5 43. Kd3 Bd5 44. Kc3 Be4 45. b4 axb4+
46. Kxb4 Kd5 47. Kc3 Ke6 48. a5 g5 49. Re1 Kd5 50. Rxe4 Kxe4 51. Kc4 g4 52. Kc5
h5 53. d5 1-0

[Event "Offene Hessische Senioren Einzelmeisters"]
[Site "Bad Sooden- Allendorf"]
[Date "2013.04.25"]
[Round "6.14"]
[White "Zwanepol, Johan"]
[Black "van Geffen, Ben"]
[Result "0-1"]
[WhiteElo "1884"]
[BlackElo "2061"]
[PlyCount "62"]
[EventDate "2013.??.??"]
[BlackTeam "Messemaker 1847"]

1. d4 Nf6 2. Nf3 c5 3. Nc3 cxd4 4. Qxd4 Nc6 5. Qd1 g6 6. g3 Bg7 7. Bg2 O-O 8.
O-O d6 9. e4 Qa5 10. Be3 Bg4 11. h3 Bxf3 12. Qxf3 Nd7 13. Bd2 Nd4 14. Qd1 Ne5
15. Kh1 Nc4 16. Bc1 e6 17. Re1 Rab8 18. Rb1 b5 19. Be3 Nxe3 20. Rxe3 b4 21. Ne2
Nxe2 22. Rxe2 Qxa2 23. Ra1 Qxb2 24. Rxa7 Bd4 25. Rc7 Rfc8 26. c3 bxc3 27. Rxb2
cxb2 28. Rxc8+ Rxc8 29. Qxd4 b1=Q+ 30. Kh2 Qc2 31. Qxd6 Qxf2 0-1

[Event "Offene Hessische Senioren Einzelmeisters"]
[Site "Bad Sooden- Allendorf"]
[Date "2013.04.25"]
[Round "6.15"]
[White "Franck, Rudolf"]
[Black "Schumacher, Helmut"]
[Result "1-0"]
[WhiteElo "2057"]
[BlackElo "1902"]
[PlyCount "61"]
[EventDate "2013.??.??"]
[WhiteTeam "SC 1875 Ellwangen"]
[BlackTeam "DJK Aufwärts St. Josef Aachen 19"]

1. d4 d5 2. c4 e6 3. Nc3 c6 4. e3 Nf6 5. Bd2 Bd6 6. c5 Bc7 7. f4 b6 8. b4 a5 9.
a3 Ba6 10. Nf3 Bxf1 11. Rxf1 Nbd7 12. Ne5 Nxe5 13. fxe5 Ne4 14. Nxe4 dxe4 15.
Qg4 O-O 16. Qxe4 Qd7 17. cxb6 Bxb6 18. Rc1 Rfc8 19. Ke2 axb4 20. Bxb4 Ba5 21.
Bc5 Rcb8 22. Rb1 Rxb1 23. Rxb1 f5 24. exf6 gxf6 25. Qf4 e5 26. Qxf6 Re8 27. Rf1
Bd8 28. Qf5 Qd5 29. Kf2 exd4 30. Qxd5+ cxd5 31. exd4 1-0

[Event "Offene Hessische Senioren Einzelmeisters"]
[Site "Bad Sooden- Allendorf"]
[Date "2013.04.25"]
[Round "6.16"]
[White "Noblé, Alexander"]
[Black "Lenk, Wolfgang"]
[Result "1/2-1/2"]
[WhiteElo "1907"]
[BlackElo "2054"]
[PlyCount "42"]
[EventDate "2013.??.??"]
[WhiteTeam "SC Bad Nauheim"]
[BlackTeam "USV TU Dresden"]

1. c4 Nf6 2. Nc3 g6 3. g3 Bg7 4. Bg2 O-O 5. Nf3 Nc6 6. O-O d6 7. Rb1 e5 8. d3
Re8 9. h3 e4 10. dxe4 Nxe4 11. Nxe4 Rxe4 12. b3 Re8 13. Bg5 f6 14. Be3 Bf5 15.
Rb2 Qd7 16. Kh2 Be4 17. Rd2 Qe7 18. Nd4 Bxg2 19. Kxg2 a6 20. Nxc6 Qe4+ 21. Kh2
Qxc6 1/2-1/2

[Event "Offene Hessische Senioren Einzelmeisters"]
[Site "Bad Sooden- Allendorf"]
[Date "2013.04.25"]
[Round "6.17"]
[White "Weyrauch, Erich"]
[Black "Kotlar, Alfred"]
[Result "1-0"]
[WhiteElo "2026"]
[BlackElo "1898"]
[PlyCount "75"]
[EventDate "2013.??.??"]
[WhiteTeam "SV Letmathe 1933 e.V."]
[BlackTeam "SK Recklinghausen Altsta"]

1. e4 d5 2. exd5 Qxd5 3. Nc3 Qd6 4. d4 c6 5. Nf3 Nf6 6. Be2 Bf5 7. Ne5 Nbd7 8.
Bf4 Nxe5 9. Bxe5 Qb4 10. Rb1 Nd7 11. a3 Qa5 12. Bf4 e6 13. O-O Rd8 14. b4 Qxa3
15. Rb3 Qxb4 16. Rxb4 Bxb4 17. Na2 Ba5 18. Bd6 Nf6 19. Ba3 Ne4 20. Qa1 f6 21.
g4 Bg6 22. Kg2 Kf7 23. f3 Nd6 24. c4 Rhe8 25. Nc3 Kg8 26. Bb2 b6 27. h4 Bf7 28.
Ne4 Nxe4 29. fxe4 Bg6 30. Bf3 c5 31. h5 Bf7 32. d5 Rd7 33. h6 Bg6 34. hxg7 e5
35. g5 Bd2 36. gxf6 Bf4 37. Bg4 Rc7 38. Rxf4 1-0

[Event "Offene Hessische Senioren Einzelmeisters"]
[Site "Bad Sooden- Allendorf"]
[Date "2013.04.25"]
[Round "6.18"]
[White "Haase, Wolfgang"]
[Black "Nagorni, Walter"]
[Result "1-0"]
[WhiteElo "1991"]
[BlackElo "1876"]
[PlyCount "75"]
[EventDate "2013.??.??"]
[WhiteTeam "SV CAISSA e. V. Kassel"]
[BlackTeam "SG Weiß-Blau Eilenriede"]

1. e4 c5 2. Nf3 Nc6 3. d4 cxd4 4. Nxd4 g6 5. Nc3 Bg7 6. Nde2 Nf6 7. g3 O-O 8.
Bg2 d6 9. O-O Rb8 10. a4 Bg4 11. h3 Be6 12. Be3 Bc4 13. b3 Bxe2 14. Nxe2 Qc7
15. c3 a6 16. Qd2 Na5 17. Rab1 b5 18. axb5 axb5 19. Rfc1 Qd8 20. Nd4 e5 21. Ne2
Qd7 22. c4 Nb7 23. b4 bxc4 24. Rxc4 Rfc8 25. Rxc8+ Rxc8 26. Nc3 h5 27. Kh2 Kh7
28. f3 Qe6 29. Bf1 Rd8 30. Ba6 Rd7 31. Qd3 d5 32. exd5 Qd6 33. Ne4 Qb8 34.
Nxf6+ Bxf6 35. Qb5 Qc8 36. Rc1 Rc7 37. Rxc7 Qxc7 38. Qc6 1-0